000 00553nam a2200193Ia 4500
005 20250508160736.0
008 008 250505s9999 xx 000 0 eng d
020 _a0-15-529410-5
037 _aTextual
040 _aFEDL
_beng
_cFEDL
041 _aeng
_2eng
084 _a313.15, MCC
_qFEDL
100 _aMcCall Robert B.
_948374
245 0 _aFoundamental statistics for psychology
260 _aNew York, USA
_bHarcourt, Brace and World
_c1970
300 _aviii,419p.
942 _cTEXL
_h313.15, MCC
999 _c1366358
_d1366358